Central Library OPAC University of Rajshahi

Similarity and dimensional methods in mechanics / (Record no. 71676)

MARC details
000 -LEADER
fixed length control field 01012nam a2200253 a 4500
001 - CONTROL NUMBER
control field 71676
003 - CONTROL NUMBER IDENTIFIER
rucl marc code BD-RjUL
005 - DATE AND TIME OF LATEST TRANSACTION
control field 20211209082139.0
008 - FIXED-LENGTH DATA ELEMENTS--GENERAL INFORMATION
fixed length control field 170507r19611959nyua 001 0 eng d
035 ## - SYSTEM CONTROL NUMBER
System control number (BD-RjUL)
040 ## - CATALOGING SOURCE
Original cataloging agency DLC/ICU
Transcribing agency ICU
Modifying agency DLC
-- BD-RjUL
Language of cataloging eng
041 1# - LANGUAGE CODE
Language code of text/sound track or separate title eng
082 00 - DEWEY DECIMAL CLASSIFICATION NUMBER
Classification number 530.8
Edition number 23
Author mark and year SES 1961
100 1# - MAIN ENTRY--PERSONAL NAME
Personal name Sedov, L. I.
Fuller form of name (Leonid Ivanovich),
Dates associated with a name 1907-1999.
9 (RLIN) 212060
245 10 - TITLE STATEMENT
Title Similarity and dimensional methods in mechanics /
Statement of responsibility, etc. L. I. Sedov ; translation edited by Maurice Holt. Translation by Morris Friedman from the 4th Russian ed.
260 ## - PUBLICATION, DISTRIBUTION, ETC. (IMPRINT)
Place of publication, distribution, etc. New York :
Name of publisher, distributor, etc. Academic Press,
Date of publication, distribution, etc. c1959 [Printing 1961]
300 ## - PHYSICAL DESCRIPTION
Pagination 363 p. :
Illustrations ill. ;
Size 24 cm.
500 ## - GENERAL NOTE
General note Translation of [Metody podobii︠a︡ i razmernosti v mekhanike], first published under title: [Metody teorii razmernosti i teorii podobii︠a︡ v mekhanike]
General note Includes index.
650 #0 - SUBJECT ADDED ENTRY--TOPICAL TERM
Topical term or geographic name as entry element Dimensional analysis.
9 (RLIN) 131319
Topical term or geographic name as entry element Engineering models.
9 (RLIN) 212064
Topical term or geographic name as entry element Mechanics.
9 (RLIN) 212065
942 ## - ADDED ENTRY ELEMENTS (KOHA)
Source of classification or shelving scheme Dewey Decimal Classification
Koha item type Books
Holdings
Lost status Source of classification or shelving scheme Damaged status Not for loan Collection code Permanent Location Current Location Shelving location Date acquired Source of acquisition Cost, normal purchase price Total Checkouts Full call number Date last seen Copy number Koha item type
  Dewey Decimal Classification   Not For Loan Non-fiction Central Library, University of Rajshahi Central Library, University of Rajshahi Reading Room 25/04/1968 Sweets & Zeitlinger 105.00   530.8 SES 1961 07/05/2017 C-1 Books